| 000 | 01283nam a2200337 a 4500 | ||
|---|---|---|---|
| 001 | 000021556 | ||
| 003 | DO-SdBNP | ||
| 005 | 20250129135348.0 | ||
| 007 | ta | ||
| 008 | 100909s1997 dr ach 000 0 spa d | ||
| 020 | _z8489539456 | ||
| 040 |
_aDO-SdBNP _bspa _cBNPHU _erda |
||
| 041 | _aspa | ||
| 082 | 4 |
_a972.93054 _bD337ju 1997 _222 |
|
| 100 | 1 |
_aDeláncer, Juan _eautor _4aut. _944928 |
|
| 245 | 1 | 0 |
_aJunio 1959, desembarco de la gloria / _cJuan Deláncer. |
| 250 | _aTercera edición revisada y ampliada | ||
| 264 | 1 |
_aSanto Domingo, República Dominicana : _bDe Colores, _c1997. |
|
| 300 |
_a217 páginas : _bilustraciones facsímil., retratos. ; _c24 cm. |
||
| 336 |
_ardacontent _btexto _2txt |
||
| 337 |
_ardamedia _bsin mediación _2n |
||
| 338 |
_ardacarrier _bvolumen _2nc |
||
| 500 | _aIncluye datos biográficos del autor en la solapa de la cubierta. | ||
| 590 | _aInventariado, 2020 / DG | ||
| 610 | 2 | 4 |
_aMOVIMIENTO REVOLUCIONARIO 14 DE JUNIO (REPÚBLICA DOMINICANA) _91373 |
| 650 | 4 |
_aPersecusiones políticas _zRepública Dominicana _934704 |
|
| 650 | 4 |
_aResistencia civil _zRepública Dominicana _944929 |
|
| 651 | 4 |
_aRepública Dominicana _xPolítica Y Gobierno _xHistoria _y1930-1961 _944930 |
|
| 910 | _aValidado. Control de calidad EMS | ||
| 942 |
_2ddc _cLBS1 |
||
| 999 |
_c21055 _d21055 |
||